000 01396nam0a2200361 4500
001 RU\NLR\BIBL_A\022598236
005 20260420051819.0
010 _a978-5-0067-0011-6
021 _aRU
_bКН-П-25-035131
_9КН-П-25-3466
035 _a(NLR Aleph) 022598236
090 _a13680858
_c13680858
100 _a20250807d2025 u y0rusy50 ca
101 0 _arus
102 _aRU
105 _aa z 000yy
181 0 _ai3
_baxxe
181 0 _ab2
_bxb2e
182 0 _an
200 1 _aОт купюр
_eистория нефтегазовой промышленности, рассказанная деньгами
_fБаграмов Г. С.
203 _aТекст
_aИзображение
_bвизуальные
_cнепосредственные
210 _a[Б. м.]
_cИздательские решения
_d2025
215 _a355 с.
_cцв. ил.
_d30
320 _aБиблиогр.: с. 351–352 (42 назв.)
333 _a12+
606 1 _aНефтегазовая промышленность
_xИстория
_92113721
_3RU\NLR\AUTH\661277153
606 1 _aДеньги
_xИстория
_9939364
_3RU\NLR\AUTH\66347352
686 1 _aУ30(0)565.2-03
686 1 _aУ26(0)26-03
700 1 _aБаграмов
_bГ. С.
_gГеоргий Сергеевич
942 _cBOOK
980 _aNB